| 000 | 00930cab a22002295a 4500 | ||
|---|---|---|---|
| 001 | L146844 | ||
| 008 | 090228e20090228xxkad f 000 0 eng d | ||
| 035 | _a(Sirsi) u146844 | ||
| 041 | 0 | _aeng | |
| 100 | 1 | _aCunningham, Daniel | |
| 245 | 0 | 0 |
_aFocus _bYorkshire |
| 260 | _c2008 | ||
| 490 |
_aEstates Gazette _v(0908) 28 February 2008, 87-95(7) |
||
| 520 | _aExplains how the crisis hitting the region's important financial sector is having a major impact on the property market. Reports on the regeneration market that is grinding to a halt and examines sentiment in the sector. Reveals that hopes that house prices in the local area are set to rise have been dashed by a raft of residential schemes. | ||
| 590 | _aKA | ||
| 651 | 4 |
_aYorkshire _y1888- |
|
| 690 | _aPROPERTY-PROPERTY MARKET-COMMERCIAL PROPERTY MARKET | ||
| 700 | 1 | _aClarkson, Melanie | |
| 700 | 1 | _aElghamry, Nadia | |
| 700 | 1 | _aSmith, Melanie | |
| 942 | _n0 | ||
| 999 |
_c81308 _d81308 |
||